[Event "ch-UKR semi-final"]
[Site "Alushta UKR"]
[Date "2011.05.10"]
[Round "8.16"]
[White "Tregubov,V"]
[Black "Maximov,D"]
[Result "1/2-1/2"]
[WhiteElo "2293"]
[BlackElo "2486"]

1.e4 c5 2.Nf3 d6 3.d4 cxd4 4.Nxd4 Nf6 5.Nc3 Nc6 6.Bg5 e6 7.Qd2 a6 8.O-O-O Bd7
9.f3 h6 10.Be3 Qc7 11.g4 Ne5 12.h4 b5 13.Qg2 b4 14.Nb1 g6 15.Nd2 Bg7 16.Kb1 h5
17.g5 Nh7 18.Be2 O-O 19.f4 Nc6 20.Qf2 Ne7 21.N4b3 Rfc8 22.Nc4 Bb5 23.Bb6 Qb8
24.Nxd6 Bxe2 25.Nxc8 Nxc8 26.Rd8+ Nf8 27.Rxc8 Qxc8 28.Qxe2 Nd7 29.Ba5 Bf8
30.Rd1 Qc6 31.Rd4 e5 32.fxe5 Rb8 33.Rd5 Re8 34.c3 Nxe5 35.Bxb4 Bg7 36.Nc5 Qc8
37.Nxa6 Qh3 38.Nc7 Rc8 39.Bd6 Qh1+ 40.Kc2 Ng4 41.a4 Qg1 42.Kb3 Rb8+ 43.Nb5 Ra8
44.Qd1 Qg2 45.Qc2 Qh1 46.Rd1 Qxh4 47.Qd2 Nf2 48.Qd5 Qxe4 49.Qxe4 Nxe4 50.c4 Bf8
51.Bxf8 Kxf8 52.Rg1 Kg7 53.Kb4 Rh8 54.c5 h4 55.c6 h3 56.c7 Nxg5 57.Nd6 h2
58.Rh1 Nf3 59.c8=Q Rxc8 60.Nxc8 g5 61.a5 g4 62.Ne7 Kf6 63.Nd5+ Kg5 64.Rxh2 Nxh2
65.a6 g3  1/2-1/2

[Event "ch-Euro Indiv Women"]
[Site "Tbilisi GEO"]
[Date "2011.05.10"]
[Round "4"]
[White "Severiukhina,Z"]
[Black "Jalabadze,N"]
[Result "1-0"]
[WhiteElo "2291"]
[BlackElo "2052"]

1.e4 c5 2.Nf3 d6 3.d4 cxd4 4.Nxd4 Nf6 5.Nc3 Nc6 6.Bg5 e6 7.Qd2 Be7 8.O-O-O O-O
9.Nb3 Qb6 10.f3 Rd8 11.Nb5 Rd7 12.Qe1 Qd8 13.h4 a6 14.N5d4 Qc7 15.g4 Nxd4
16.Nxd4 b5 17.h5 h6 18.Bd2 Nh7 19.f4 Bb7 20.Bd3 e5 21.Nf3 exf4 22.Bxf4 Qd8
23.Rf1 Ng5 24.Nxg5 Bxg5 25.Qd2 Bxf4 26.Qxf4 Qe7 27.Qf5 Qg5+ 28.Qxg5 hxg5
29.e5 d5 30.h6 g6 31.e6 fxe6 32.Rf6 Kh8 33.Rxe6 d4 34.Bxg6 Bd5 35.Re5 Bf7
36.Bxf7 Rxf7 37.Rxg5 Kh7 38.Rg7+ Rxg7 39.hxg7 Rd8 40.c3 d3 41.Kd2 Rd7 42.Rh1+ Kxg7
43.Rh3 Rf7 44.Rxd3 Rf2+ 45.Kc1 Rg2 46.Rd6 Rxg4 47.Rxa6 Kf7 48.Rb6 Rg5 49.Kc2 Ke7
50.Kb3 Kd7 51.Kb4 Rg2 52.b3 Rxa2 53.Kxb5  1-0

[Event "9th Somov Mem"]
[Site "Kirishi RUS"]
[Date "2011.05.11"]
[Round "5"]
[White "Grigoryan,K2"]
[Black "Atabayev,M"]
[Result "1-0"]
[WhiteElo "2463"]
[BlackElo "2355"]

1.e4 c5 2.Ne2 d6 3.Nbc3 Nc6 4.d4 cxd4 5.Nxd4 Nf6 6.Bg5 e6 7.Qd2 h6 8.Bxf6 gxf6
9.O-O-O a6 10.f4 Qb6 11.Nb3 Bd7 12.Be2 h5 13.Kb1 O-O-O 14.Rhf1 Be7 15.Rf3 Rdg8
16.Bf1 Kb8 17.a3 Rc8 18.Rd3 Na5 19.Nd5 exd5 20.Nxa5 Ba4 21.b3 dxe4 22.Rd4 Bc6
23.Rb4 e3 24.Rxb6 exd2 25.Bxa6 Be4 26.Rxd2 Ka7 27.Rxb7+ Bxb7 28.Bxb7 Rc5
29.Nc6+ Kxb7 30.Nxe7 Re8 31.Nd5 f5 32.c4 h4 33.Kc2 Re4 34.Nc3 Re6 35.Kd3 Ra5
36.a4 Ra8 37.b4 Rg8 38.Nd5 Re1 39.Ne3 Rh1 40.h3 Rg3 41.Kd4 Rg6 42.a5 Ra1
43.b5 Rxa5 44.Nxf5 Rf6 45.Ke4 Kc7 46.Nxh4 Ra4 47.Rc2 Kb6 48.f5 Kc5 49.Kf4 Rh6
50.Kg5 Rh8 51.Nf3 Rxc4 52.Rxc4+ Kxc4 53.Kf6 Kxb5 54.Kxf7 Kc6 55.f6 Kd7 56.Kg7 Ra8
57.Nd4 d5 58.g4 Kd6 59.f7 Ke5 60.f8=Q Rxf8 61.Kxf8 Kxd4 62.g5 Ke5 63.g6 d4
64.g7  1-0

[Event "ch-Euro Indiv Women"]
[Site "Tbilisi GEO"]
[Date "2011.05.11"]
[Round "5"]
[White "Ziaziulkina,N"]
[Black "Bokuchava,M"]
[Result "1-0"]
[WhiteElo "2291"]
[BlackElo "2115"]

1.e4 c5 2.Nf3 d6 3.d4 cxd4 4.Nxd4 Nf6 5.Nc3 Nc6 6.Bg5 Bd7 7.Qd2 Rc8 8.f4 h6
9.Bxf6 gxf6 10.O-O-O Nxd4 11.Qxd4 Qa5 12.Kb1 Qc5 13.Qd3 h5 14.Be2 a6 15.Rhe1 Be6
16.Bf3 Bc4 17.Qd2 Bh6 18.Nd5 Bxd5 19.exd5 f5 20.g3 Bg7 21.c3 h4 22.Qc2 hxg3
23.hxg3 Qb6 24.Rd3 Rc7 25.Rde3 Kd8 26.Ka1 Bd4 27.R3e2 Rg8 28.Qxf5 Bf6 29.Bg4 Qa5
30.Re3 Qb6 31.Bh3 Rh8 32.g4 Bh4 33.R1e2 Bf2 34.Rf3 Bh4 35.g5 Qg1+ 36.Rf1 Qg3
37.Bg4 b5 38.Bf3 Rc4 39.Qxf7 Qxf4 40.Qxe7+ Kc8 41.Qa7 Kd8 42.Bg2 Qg3 43.Rf7 Qg4
44.Qb8+  1-0

[Event "ch-Euro Indiv Women"]
[Site "Tbilisi GEO"]
[Date "2011.05.15"]
[Round "8"]
[White "Kosintseva,T"]
[Black "Melia,S"]
[Result "1-0"]
[WhiteElo "2559"]
[BlackElo "2444"]

1.e4 c5 2.Nf3 d6 3.d4 cxd4 4.Nxd4 Nf6 5.Nc3 Nc6 6.Bg5 e6 7.Qd2 Be7 8.O-O-O Nxd4
9.Qxd4 O-O 10.f4 Qa5 11.Bc4 Rd8 12.Rhf1 a6 13.f5 Qe5 14.Qxe5 dxe5 15.Rxd8+ Bxd8
16.Rd1 Bc7 17.fxe6 fxe6 18.b4 Kf7 19.a4 Ke7 20.Kb2 Bd7 21.Kb3 Bb6 22.Bc1 Rc8
23.a5 Bd4 24.Bd2 Bxc3 25.Bxc3 Ba4+ 26.Kxa4 Rxc4 27.Bxe5 Rxc2 28.Bd6+ Ke8
29.e5 Ne4 30.Rd4 Nxd6 31.Rxd6 Rc3 32.Rb6 Rc7 33.Rxe6+ Kd7 34.Rd6+ Kc8 35.Kb3 Rc1
36.e6 Re1 37.Kc4 Re2 38.Kd3 Re1 39.Kd4 Re2 40.g3 Re1 41.g4 Re2 42.h4 Re1
43.h5 h6 44.Kc5 Re4 45.Rd7 Rxg4 46.Kd6 Rd4+ 47.Ke7 Rxb4 48.Rd5 Rc4 49.Kf7 Rf4+
50.Kxg7 Re4 51.Kf6 Rf4+ 52.Rf5  1-0

[Event "9th Somov Mem"]
[Site "Kirishi RUS"]
[Date "2011.05.16"]
[Round "9"]
[White "Atabayev,M"]
[Black "Usmanov,V"]
[Result "1-0"]
[WhiteElo "2355"]
[BlackElo "2289"]

1.e4 c5 2.Nf3 d6 3.d4 cxd4 4.Nxd4 Nf6 5.Nc3 Nc6 6.Bg5 Bd7 7.Qd2 Rc8 8.O-O-O Nxd4
9.Qxd4 Qa5 10.Bd2 a6 11.Kb1 Qc5 12.Qxc5 Rxc5 13.f3 g6 14.Be3 Rc6 15.Bd4 Bg7
16.Nd5 e5 17.Bc3 Nxd5 18.exd5 Rc8 19.Bd3 f5 20.Bb4 Ke7 21.b3 b5 22.Rhe1 Rc7
23.Rd2 Be8 24.h3 Bf7 25.g4 Ra8 26.gxf5 a5 27.Ba3 b4 28.Bb2 Bh6 29.Rf2 Bf4
30.Rg2 gxf5 31.Bxf5 Bxd5 32.Rg4 Kf8 33.Be4 Bxe4 34.fxe4 Rg7 35.Rxg7 Kxg7
36.c3 Kf6 37.Rd1 Ke6 38.a3 Rg8 39.cxb4 axb4 40.axb4 Rg3 41.Ka2 Rxh3 42.b5 Re3
43.Ba3 Re2+ 44.Kb1 Rd2 45.Rh1 h6 46.b6 Kd7 47.Rc1 Rd3 48.Rc7+ Kd8 49.Kc2 Rd2+
50.Kc3 Rd4 51.Rc6 Bd2+ 52.Kc2 Ba5 53.b4 Bxb6 54.Rxb6 Kc7 55.Ra6 Rxe4 56.b5 Rd4
57.Kc3 Rd5 58.Kb4 e4 59.Rc6+ Kd7 60.Rc2 Re5 61.Bc1 d5 62.Be3 Re8 63.Rc5 d4
64.Rd5+ Ke6 65.Rxd4 Kf5 66.Bxh6 e3 67.Bxe3 Rxe3 68.b6 Re1 69.Kb5 Ke6 70.b7 Re5+
71.Kb6 Re1 72.Rb4  1-0

[Event "TCh-UKR Clubs 2011"]
[Site "Alushta UKR"]
[Date "2011.05.17"]
[Round "5.2"]
[White "Firman,N"]
[Black "Prokhorov,A2"]
[Result "1-0"]
[WhiteElo "2542"]
[BlackElo "2229"]

1.e4 c5 2.Nf3 d6 3.d4 cxd4 4.Nxd4 Nf6 5.Nc3 Nc6 6.Bg5 e6 7.Qd2 a6 8.O-O-O Bd7
9.f4 h6 10.Bxf6 gxf6 11.Kb1 b5 12.Nce2 Qb6 13.Qe1 Rc8 14.Nxc6 Qxc6 15.Nd4 Qb7
16.Bd3 Qb6 17.Be2 Be7 18.Bh5 Rc4 19.Qd2 Kf8 20.e5 d5 21.Rhe1 f5 22.h3 Bc5
23.Nb3 Bf2 24.Re2 Bg3 25.Nd4 Rg8 26.Qe3 Qc5 27.Red2 Qe7 28.Be2 Rc8 29.Bf3 Qc5
30.Bh5 Qe7 31.Ne2 Qc5 32.Qf3 Bh4 33.g4 fxg4 34.hxg4 Rg7 35.Nd4 Re8 36.Re2 Kg8
37.f5 exf5 38.e6 Bxe6 39.Nxf5 Bg5 40.Nxg7 Kxg7 41.Rxe6  1-0

[Event "ch-Euro Indiv Women"]
[Site "Tbilisi GEO"]
[Date "2011.05.17"]
[Round "10"]
[White "Kosintseva,T"]
[Black "Khotenashvili,B"]
[Result "1/2-1/2"]
[WhiteElo "2559"]
[BlackElo "2470"]

1.e4 c5 2.Nf3 d6 3.d4 cxd4 4.Nxd4 Nf6 5.Nc3 Nc6 6.Bg5 e6 7.Qd2 Qb6 8.Nb3 Be7
9.Bxf6 Bxf6 10.Qxd6 Bd7 11.O-O-O O-O-O 12.Qg3 h5 13.Na4 Qb4 14.Nac5 Na5 15.e5 Bh4
16.Qe3 Nxb3+ 17.Nxb3 Bc6 18.Nd4 Qb6 19.Be2 Rd7 20.Rd3 Bd5 21.Rhd1 Rc7 22.Rc3 Rxc3
23.Qxc3+ Kb8 24.g3 Be7 25.a3 Bc5 26.f4 g6 27.Bc4 Rd8 28.Ne2 Bxc4 29.Rxd8+ Qxd8
30.Qxc4 Be3+ 31.Kb1 Qd1+ 32.Ka2 a6 33.Kb3 Qh1 34.Qd3 Bb6 35.h4 Ba5 36.c4 Qg2
37.Nc3 Bxc3 38.Kxc3 Kc8 39.Qe3 Kb8 40.b3 a5 41.Qd3 Kc8 42.c5 Qg1 43.Kc4 Qc1+
44.Kb5 Qxa3 45.Qc4 Kc7 46.Qa4 Qb2 47.Qxa5+ Kc8 48.Qa4 Kc7 49.Qa5+ Kc8 50.Qa4 Kc7
51.Qc4 Qa1 52.Kb4 Qe1+ 53.Qc3 Qe4+ 54.Ka3 Kc8 55.Qd2 Qb1 56.Qd4 Qe1 57.Qd6 Qa1+
58.Kb4 Qe1+ 59.Kb5 Qf1+ 60.Ka4 Qa1+ 61.Kb4 Qe1+ 62.Kc4 Qc1+ 63.Kd3 Qd1+ 64.Kc4 Qc1+
65.Kb4 Qe1+ 66.Ka3  1/2-1/2

[Event "ch-Moscow KO"]
[Site "Moscow RUS"]
[Date "2011.05.18"]
[Round "1.2"]
[White "Sychev,K"]
[Black "Ulko,J"]
[Result "1/2-1/2"]
[WhiteElo "2276"]
[BlackElo "2472"]

1.e4 c5 2.Nf3 Nc6 3.d4 cxd4 4.Nxd4 Nf6 5.Nc3 d6 6.Bg5 e6 7.Qd2 Be7 8.O-O-O Nxd4
9.Qxd4 O-O 10.f4 Qa5 11.e5 dxe5 12.Qxe5 Qxe5 13.fxe5 Nd5 14.Bxe7 Nxe7 15.Bd3 Nc6
16.Rhe1 Rd8 17.Be4 Bd7 18.Bf3 Be8 19.Nb5 Rxd1+ 20.Bxd1 Nb4 21.Nc7 Nd3+ 22.cxd3 Rc8
23.Re4 b5 24.Rd4 Rxc7+ 25.Kd2 Bd7 26.a4 Kf8 27.a5 Ke7 28.b4 Bc6 29.Rg4 g6
30.g3 Bd5 31.Rh4 h5 32.h3  1/2-1/2

[Event "ch-Moscow KO"]
[Site "Moscow RUS"]
[Date "2011.05.19"]
[Round "2.1"]
[White "Vorobiov,E"]
[Black "Ulko,J"]
[Result "1/2-1/2"]
[WhiteElo "2570"]
[BlackElo "2472"]

1.e4 c5 2.Nf3 Nc6 3.d4 cxd4 4.Nxd4 Nf6 5.Nc3 d6 6.Bg5 e6 7.Qd2 Be7 8.O-O-O Nxd4
9.Qxd4 O-O 10.f4 Qa5 11.Bc4 Bd7 12.e5 dxe5 13.fxe5 Bc6 14.Bd2 Nd7 15.Nd5 Qd8
16.Nxe7+ Qxe7 17.Rhe1 Rfd8 18.Qg4 Nb6 19.Bf1 Rac8 20.Bb4 Rxd1+ 21.Rxd1 Qe8
22.Bd6 Bb5 23.Qe4  1/2-1/2

[Event "20th Croatian Cup"]
[Site "Sibenik CRO"]
[Date "2011.05.19"]
[Round "3.13"]
[White "Fercec,N"]
[Black "Jankovic,A"]
[Result "0-1"]
[WhiteElo "2453"]
[BlackElo "2573"]

1.e4 c5 2.Nf3 Nc6 3.d4 cxd4 4.Nxd4 Nf6 5.Nc3 d6 6.Bg5 e6 7.Qd2 a6 8.O-O-O Bd7
9.f3 b5 10.Kb1 Qc7 11.g4 Ne5 12.a3 Rb8 13.Be3 Qb7 14.g5 Nh5 15.Ka1 b4 16.axb4 Qxb4
17.b3 g6 18.Na2 Qb7 19.Be2 Bg7 20.Kb1 d5 21.exd5 exd5 22.f4 Nc4 23.Qc1 O-O
24.Bxh5 gxh5 25.f5 Nxe3 26.Qxe3 Bxd4 27.Qxd4 Bxf5 28.Nc1 a5 29.Rhf1 Be4 30.Kb2 Rfc8
31.Rf2 Rc4 32.Qe5 a4 33.Rxf7 Rxc2+ 34.Ka1 Qxf7 35.Qxb8+ Qf8 36.Qxf8+ Kxf8
37.bxa4 Rxh2 38.Nd3 h4 39.Nc5 Rh1 40.Rxh1 Bxh1 41.Ne6+ Kf7 42.Nf4 Bg2  0-1

[Event "20th Croatian Cup"]
[Site "Sibenik CRO"]
[Date "2011.05.20"]
[Round "4.12"]
[White "Zelcic,R"]
[Black "Kozul,Z"]
[Result "1/2-1/2"]
[WhiteElo "2557"]
[BlackElo "2555"]

1.e4 c5 2.Nf3 Nc6 3.d4 cxd4 4.Nxd4 Nf6 5.Nc3 d6 6.Bg5 e6 7.Qd3 a6 8.O-O-O Qb6
9.Be2 Bd7 10.Nxc6 Bxc6 11.Bxf6 gxf6 12.f4 Qc5 13.Qh3 h5 14.Kb1 b5 15.Rhe1 Be7
16.Bf3 b4 17.Ne2 Rc8 18.Nd4 Bd7 19.Rd2 a5 20.Nb3 Qb6 21.Bxh5 Kf8 22.e5 a4
23.Nd4 Rc3 24.Qg4 f5 25.Qd1 a3 26.g4 axb2 27.gxf5 exf5 28.e6 fxe6 29.Nxe6+ Bxe6
30.Rxe6 Rg8 31.Bg6 Re3 32.Qg1 b3 33.cxb3 Rxb3 34.Qxb6 Rxb6 35.Rd5 Kg7 36.Rxe7+ Kxg6
37.Re6+ Kf7 38.Re1 Kf6 39.Red1 Ke6 40.R5d2 Rg4 41.Re2+ Kd7 42.Rf2 Rb4 43.Rdf1 Rh4
44.a3 Rb3 45.Rxb2 Rxb2+ 46.Kxb2 Rxh2+ 47.Kc3 Ra2 48.Kb3 Re2 49.a4 Re4 50.a5 Kc6
51.Ra1  1/2-1/2

[Event "XXX Zalakaros Open"]
[Site "Zalakaros HUN"]
[Date "2011.05.20"]
[Round "1"]
[White "Peczely,S"]
[Black "Pergel,L"]
[Result "0-1"]
[WhiteElo "1967"]
[BlackElo "2270"]

1.e4 c5 2.Nf3 Nc6 3.d4 cxd4 4.Nxd4 Nf6 5.Nc3 d6 6.Bg5 e6 7.Qd2 Be7 8.O-O-O O-O
9.f4 h6 10.Nxc6 bxc6 11.Bxf6 Bxf6 12.e5 dxe5 13.Qxd8 Rxd8 14.Rxd8+ Bxd8 15.fxe5 Bc7
16.Bc4 Bxe5 17.Ne4 Kf8 18.h3 Ke7 19.c3 f5 20.Nd2 Bd7 21.Nf3 Bf4+ 22.Kc2 e5
23.Nh4 Bg3 24.Ng6+ Kf6 25.Rd1 Be8 26.Rd6+ Kg5 27.h4+ Bxh4 28.Nxe5 Bg3 29.Nf3+ Kh5
30.Re6 Kg4 31.Be2 Kf4 32.Nd4 Bh4 33.Bf3 Bf6 34.Ne2+ Kg5 35.g3 Rc8 36.Nf4 Bf7
37.Nh3+ Kg6 38.Rxc6 Rxc6 39.Bxc6 Be5 40.Nf4+ Kg5 41.Bd5 Bxd5 42.Nxd5 Bxg3
43.c4 h5 44.Kd3 h4 45.Ke2 h3 46.Kf3 h2 47.Kg2 f4 48.b4 f3+ 49.Kh1 f2 50.Ne3 Kf4
51.Nf1 Kf3 52.a4 Bb8 53.c5 Ke2 54.Kg2 h1=Q+  0-1

[Event "ch-Siberia Men"]
[Site "Barnaul RUS"]
[Date "2011.05.23"]
[Round "4"]
[White "Badmatsyrenov,O"]
[Black "Chernov,Mi2"]
[Result "1-0"]
[WhiteElo "2450"]
[BlackElo "2134"]

1.e4 c5 2.Nf3 Nc6 3.d4 cxd4 4.Nxd4 Nf6 5.Nc3 d6 6.Bg5 e6 7.Qd2 h6 8.Nxc6 bxc6
9.Bf4 e5 10.Bg3 Nh5 11.Bc4 Nxg3 12.hxg3 Be6 13.Bxe6 fxe6 14.Qe2 Qd7 15.O-O-O O-O-O
16.f4 exf4 17.gxf4 Be7 18.Kb1 Kb8 19.Na4 g5 20.Rh3 Ka8 21.Rb3 Rb8 22.f5 Rxb3
23.axb3 exf5 24.exf5 Bf6 25.Nc5 Qxf5 26.Rxd6 Qe5 27.Qxe5 Bxe5 28.Rxc6 h5
29.Rg6 g4 30.c3 Bf4 31.Kc2 Rd8 32.Nd3 Be3 33.b4 Rf8 34.Kd1 Rd8 35.Ke2 Re8
36.b5 Bb6+ 37.Kd2 Be3+ 38.Kd1 Rf8 39.b4 Bb6 40.Ke2 Rc8 41.Kd2 Rf8 42.Rg5 Rf1
43.Rxh5 Rg1 44.Nf4 Rf1 45.Rf5 g3 46.Kd3 Bc7 47.Rf8+ Kb7 48.Ne6 Rxf8 49.Nxf8 Kb6
50.Ne6 Bd6 51.Kc4 Be5 52.Nc5 Bf4 53.Nd7+ Kc7 54.Nf6 Be5 55.Nd5+ Kb7 56.Kd3 Bb8
57.c4 Bd6 58.Ke4 Bb8 59.Kf5  1-0

[Event "XX Guillermo Garcia Mem Elite"]
[Site "Santa Clara CUB"]
[Date "2011.05.23"]
[Round "1.4"]
[White "Guerra Mendez,J"]
[Black "Borges Mateos,J"]
[Result "1/2-1/2"]
[WhiteElo "2472"]
[BlackElo "2451"]

1.e4 c5 2.Nf3 d6 3.d4 cxd4 4.Nxd4 Nf6 5.Nc3 Nc6 6.Bg5 e6 7.Qd2 a6 8.O-O-O Bd7
9.f4 h6 10.Bh4 g5 11.fxg5 Ng4 12.Nf3 hxg5 13.Bg3 Be7 14.Bc4 Nge5 15.Bb3 Nxf3
16.gxf3 Ne5 17.Qf2 Qc7 18.h4 gxh4 19.Bxh4 Qc5  1/2-1/2

[Event "Zonal 3.3 Women"]
[Site "Tagaytay City PHI"]
[Date "2011.05.25"]
[Round "3"]
[White "Sihite,Chelsie Monica"]
[Black "Tuvshintugs,B"]
[Result "0-1"]
[WhiteElo "2039"]
[BlackElo "2313"]

1.e4 c5 2.Nf3 d6 3.d4 cxd4 4.Nxd4 Nf6 5.Nc3 Nc6 6.Bg5 Bd7 7.Be2 h6 8.Bh4 g5
9.Bg3 h5 10.h4 g4 11.O-O Bg7 12.Nf5 Bxf5 13.exf5 O-O 14.Bd3 Ne5 15.Re1 Nxd3
16.Qxd3 Re8 17.Re2 Rc8 18.Rae1 a6 19.Ne4 Nxe4 20.Rxe4 Qd7 21.b4 Bf6 22.R4e2 Rc3
23.Qe4 d5 24.Qf4 Rc4 25.Qh6 Qxf5 26.Re5 Qg6 27.Qxg6+ fxg6 28.Rxd5 Rxb4 29.a3 Rc4
30.Rd7 b5 31.Re6 Ra8 32.Be5 Re4 33.Rxf6 exf6 34.Bxf6 Rae8 35.c3 R4e6 36.Bd4 R8e7
37.Rd5 Kf7 38.a4 bxa4 39.Ra5 Rb7 40.Rxa4 Rc6 41.c4 Re7 42.f3 g3 43.Kf1 Rce6
44.Ra1 Rd7 45.Bc3 Rc7 46.Be1 Rxc4 47.Bxg3 Rec6 48.Ke2 Rc2+ 49.Ke3 Rxg2 50.Be5 Ke6  0-1

[Event "84th ch-St Petersburg"]
[Site "St Petersburg RUS"]
[Date "2011.05.26"]
[Round "6"]
[White "Yemelin,V"]
[Black "Usmanov,V"]
[Result "1-0"]
[WhiteElo "2584"]
[BlackElo "2289"]

1.e4 c5 2.Nf3 d6 3.d4 cxd4 4.Nxd4 Nf6 5.Nc3 Nc6 6.Bg5 Bd7 7.Qd2 Rc8 8.Nb3 e6
9.O-O-O a6 10.f4 Qc7 11.Be2 b5 12.Bf3 b4 13.Ne2 e5 14.Bxf6 gxf6 15.Kb1 a5
16.Nbc1 h5 17.Nd3 Be6 18.Rc1 Qb6 19.b3 a4 20.Nb2 Ra8 21.Rhd1 Qc5 22.f5 Bh6
23.Qxd6 Qxd6 24.Rxd6 Bxc1 25.Rxc6 Bd7 26.Rxf6 Bxb2 27.Kxb2 Ke7 28.Rb6 Rhb8
29.Rxb8 Rxb8 30.Bxh5 Rh8 31.g4 Bb5 32.Ng3 Rd8 33.Kc1 Rc8 34.Kd2 Rd8+ 35.Ke1 Rc8
36.Kd2 Rd8+ 37.Kc1 Rc8 38.g5 Bd3 39.f6+ Kf8 40.Bd1 Rc3 41.Kd2 Bb5 42.Bg4 a3
43.Nf5 Bc6 44.Nd6 Kg8 45.Bh5  1-0

[Event "1st Alimini Village Open"]
[Site "Alimini ITA"]
[Date "2011.05.28"]
[Round "9"]
[White "Palmitessa,C"]
[Black "Lanzani,G"]
[Result "1/2-1/2"]
[WhiteElo "1927"]
[BlackElo "1970"]

1.e4 c5 2.Nf3 Nc6 3.d4 cxd4 4.Nxd4 Nf6 5.Nc3 d6 6.Bg5 e6 7.Qd2 Be7 8.O-O-O O-O
9.f3 Nxd4 10.Qxd4 Qa5 11.Be3 Rd8 12.g4 d5 13.e5 Nd7 14.Kb1 Bc5 15.Qf4 Bxe3
16.Qxe3 Qc5 17.Qg5 Re8 18.Bd3 Qe7 19.Qe3 Qc5  1/2-1/2

[Event "3rd Orissa Open"]
[Site "Bhubaneswar IND"]
[Date "2011.05.28"]
[Round "1"]
[White "Ramnath,B"]
[Black "Sri Bijaya Kumar,Dash"]
[Result "1-0"]
[WhiteElo "2425"]
[BlackElo "1855"]

1.e4 c5 2.Nf3 Nc6 3.d4 cxd4 4.Nxd4 Nf6 5.Nc3 d6 6.Bg5 Nd7 7.Be2 Qa5 8.Be3 Nf6
9.O-O g6 10.f4 Bg7 11.a3 a6 12.h3 O-O 13.Qe1 Nxd4 14.Bxd4 e5 15.fxe5 dxe5
16.Be3 Be6 17.Qf2 Nd7 18.Rad1 Qc7 19.Qh4 Rfe8 20.Bg4 Nf8 21.Bxe6 Nxe6 22.Qf2 Rac8
23.Nd5 Qxc2 24.Qxf7+ Kh8 25.Rc1  1-0

[Event "84th ch-St Petersburg"]
[Site "St Petersburg RUS"]
[Date "2011.05.29"]
[Round "9"]
[White "Klimov,S"]
[Black "Bazeev,G"]
[Result "1-0"]
[WhiteElo "2503"]
[BlackElo "2315"]

1.e4 c5 2.Nf3 Nc6 3.d4 cxd4 4.Nxd4 Nf6 5.Nc3 d6 6.Bg5 e6 7.Qd2 a6 8.O-O-O h6
9.Be3 Be7 10.f4 Nxd4 11.Bxd4 b5 12.Qe3 Rb8 13.e5 dxe5 14.Bxe5 Qb6 15.Qg3 O-O
16.Ne4 Ne8 17.Bxb8 Qxb8 18.Qe3 Qc7 19.g3 Bb7 20.Be2 Bd5 21.a3 b4 22.axb4 Bxb4
23.Rhf1 Qa5 24.c4 Qa1+ 25.Kc2 Qa4+ 26.Kb1 Bxe4+ 27.Qxe4 Nd6 28.Qe5 Nb7 29.Bd3 Nc5
30.Bc2 Qa5 31.f5 f6 32.Qd6 e5 33.Rd5 e4 34.Bxe4 Re8 35.Bc2 Kh7 36.Rfd1 Ra8
37.g4 Ra7 38.Qd8 Qxd8 39.Rxd8 h5 40.gxh5  1-0

[Event "29th Liechtenstein Open"]
[Site "Triesen LIE"]
[Date "2011.05.29"]
[Round "3.17"]
[White "Meertens,Mart"]
[Black "Baumann,K2"]
[Result "1-0"]
[WhiteElo "2172"]
[BlackElo "2004"]

1.e4 c5 2.Nf3 Nc6 3.d4 cxd4 4.Nxd4 Nf6 5.Nc3 d6 6.Bg5 e6 7.Qd2 Be7 8.O-O-O O-O
9.Qe1 a6 10.f4 Qc7 11.Kb1 h6 12.Bh4 Nxd4 13.Rxd4 e5 14.Rc4 Qd8 15.Bxf6 Bxf6
16.f5 b5 17.Rb4 Bb7 18.Nd5 Bxd5 19.exd5 Qc7 20.h4 Rfc8 21.Bd3 Rab8 22.g4 a5
23.Re4 a4 24.a3 Qc5 25.Rh2 b4 26.axb4 Qxd5 27.Rg2 g5 28.fxg6 fxg6 29.g5 hxg5
30.hxg5 Bg7 31.Reg4 a3 32.bxa3 Qe6 33.Qe4 d5 34.Qxg6 Qxg6 35.Bxg6 Ra8 36.R4g3 e4
37.Rh3 Bc3 38.Ka2 Ra6 39.Bf5 Rc7 40.Rh6 Ra8 41.Be6+  1-0

[Event "Chicago Open"]
[Site "Wheeling USA"]
[Date "2011.05.29"]
[Round "6"]
[White "Hungaski,R"]
[Black "Aung Thant Zin"]
[Result "1-0"]
[WhiteElo "2452"]
[BlackElo "2295"]

1.e4 c5 2.Nf3 Nc6 3.d4 cxd4 4.Nxd4 Nf6 5.Nc3 d6 6.Bg5 e6 7.Qd2 a6 8.O-O-O h6
9.Nxc6 bxc6 10.Bf4 d5 11.Qe3 Be7 12.Be2 Bb7 13.Qg3 Kf8 14.Bc7 Qc8 15.Be5 Rg8
16.Bf3 Ne8 17.Na4 Qd8 18.h4 Qa5 19.b3 Rd8 20.Kb1 Bd6 21.exd5 exd5 22.Rhe1 Qc7
23.Qf4 Bc8 24.h5 g5 25.hxg6 Rxg6 26.Qd4 Kg8 27.Nc5 Bxe5 28.Rxe5 Ng7 29.Rh1 Qd6
30.Nd3 Rg5 31.Ree1 Bf5 32.Nf4 c5 33.Qd2 d4 34.Be2 Ne6 35.Nxe6 Qxe6 36.Bd3 Qf6
37.Bxf5 Qxf5 38.Rxh6 Rxg2 39.Reh1 Kg7 40.R6h5 Qf6 41.Rf5 Qg6 42.Rxc5 Rd6
43.Rhh5 Qe4 44.Rce5 Qf3 45.Reg5+ Rxg5 46.Rxg5+ Kf6 47.Rg3 Qf5 48.Qb4 Ke6
49.Qc4+ Kf6 50.Qc7 Qe5  1-0

[Event "KNSB-Beker Dutch Club Cup"]
[Site "Bussum NED"]
[Date "2011.06.02"]
[Round "1.2"]
[White "Smeets,J"]
[Black "Okkes,M"]
[Result "1-0"]
[WhiteElo "2647"]
[BlackElo "2382"]

1.e4 c5 2.Nf3 Nc6 3.d4 cxd4 4.Nxd4 Nf6 5.Nc3 d6 6.Bg5 e6 7.Qd2 Qb6 8.O-O-O Qxd4
9.Qxd4 Nxd4 10.Rxd4 a6 11.Bxf6 gxf6 12.Na4 Bd7 13.Nb6 Rd8 14.Nxd7 Rxd7 15.Be2 Rg8
16.g3 Rg5 17.b4 Bh6 18.Kb1 Ke7 19.Rhd1 Rg8 20.Rc4 Rgd8 21.Bf3 Ra8 22.Rd3 Kd8
23.Bh5 Bg7 24.Ra3 Rc8 25.Rxc8+ Kxc8 26.b5 axb5 27.Ra8+ Kc7 28.Rg8 Bh6 29.Rh8 Bd2
30.Rxh7 d5 31.exd5 exd5 32.Rxf7 Rxf7 33.Bxf7 Kd6 34.Kb2 Be1 35.f3 b6 36.Kc1 Bf2
37.Kd2 Bg1 38.Ke2 f5 39.f4 b4 40.h3 d4 41.Bc4 Ke7 42.Bd3  1-0

[Event "3rd Orissa Open"]
[Site "Bhubaneswar IND"]
[Date "2011.06.03"]
[Round "8"]
[White "Hossain,Enam"]
[Black "Prasad,De"]
[Result "1-0"]
[WhiteElo "2478"]
[BlackElo "2357"]

1.e4 c5 2.Nf3 d6 3.d4 cxd4 4.Nxd4 Nf6 5.Nc3 Nc6 6.Bg5 e6 7.Qd2 a6 8.O-O-O Bd7
9.f4 b5 10.Bxf6 gxf6 11.Kb1 Qb6 12.Nce2 h5 13.Nxc6 Bxc6 14.f5 e5 15.Nc3 Rc8
16.Be2 Qc5 17.Rhe1 Ke7 18.a3 Bh6 19.Qd3 a5 20.Nd5+ Bxd5 21.Qxd5 Qxc2+ 22.Ka2 Qc5
23.Bxb5 Qxd5+ 24.Rxd5 Rc5 25.Rxc5 dxc5 26.Rd1 Rd8 27.Rxd8 Kxd8 28.g3 Be3
29.Be2 Bg1 30.h3 Bf2 31.Bxh5 Ke7 32.Kb3 Bxg3 33.Ka4 Be1 34.Kb5 Bd2 35.Be2 Kf8
36.Bc4 Kg7 37.h4 Kg8 38.h5 Kg7 39.Kb6 Kh6 40.Bxf7 Kg5 41.b3 Bc1 42.a4 Bd2
43.Kxc5 Kh6 44.Kd6 Kg7 45.Bc4 Kh6 46.Be2 Kg7 47.Ke6 Be3 48.Bd1 Bd2 49.Bc2 Be3
50.b4 axb4 51.a5 Bd2 52.a6 Be3 53.h6+ Kxh6 54.Kxf6 Bd4 55.Kf7  1-0

[Event "20th ICSC TCh-EUR Club"]
[Site "Liverpool ENG"]
[Date "2011.06.10"]
[Round "3"]
[White "Gruenfeld,Y"]
[Black "MacLeod,A"]
[Result "1-0"]
[WhiteElo "2484"]
[BlackElo "2010"]

1.e4 c5 2.Nf3 d6 3.Nc3 Nc6 4.d4 cxd4 5.Nxd4 Nf6 6.Bg5 e6 7.Qd2 Be7 8.O-O-O a6
9.Bxf6 gxf6 10.f4 Qc7 11.Nb3 b5 12.Kb1 Rb8 13.f5 h5 14.Ne2 Bd7 15.Nf4 Ne5
16.Nd4 Qc8 17.Qe1 h4 18.Be2 Kf8 19.Rf1 b4 20.Bh5 h3 21.gxh3 a5 22.Bxf7 exf5
23.Bd5 fxe4 24.Nfe6+ Bxe6 25.Nxe6+ Ke8 26.Qxe4 a4 27.Rg1 a3 28.Rg7 Bf8 29.Rc7 Qa6
30.Bc6+  1-0

[Event "TCh-BIH 2011"]
[Site "Neum BIH"]
[Date "2011.06.10"]
[Round "7.5"]
[White "Marjanovic,Dej"]
[Black "Stojanovic,Da"]
[Result "1-0"]
[WhiteElo "2149"]
[BlackElo "2503"]

1.e4 c5 2.Nf3 d6 3.d4 cxd4 4.Nxd4 Nf6 5.Nc3 Nc6 6.Bg5 e6 7.Qd2 a6 8.O-O-O Bd7
9.Nb3 h6 10.Bxf6 Qxf6 11.f4 g5 12.f5 Qe5 13.Kb1 Be7 14.Be2 h5 15.fxe6 fxe6
16.Na4 Qf4 17.Nb6 Qxd2 18.Nxd2 Rd8 19.Ndc4 Bc8 20.Nxc8 Rxc8 21.Nxd6+ Bxd6
22.Rxd6 Ke7 23.Rhd1 Ne5 24.Rb6 Rc7 25.Rf1 h4 26.c3 Rd8 27.Kc2 Rcd7 28.Kb3 Rd2
29.Rxb7+ R8d7 30.Rxd7+ Nxd7 31.Re1 Kf6 32.a4 a5 33.Bb5 Nc5+ 34.Kc4 Nd3 35.Rf1+ Ke7
36.b4 Kd6 37.Rf8 Ne5+ 38.Kb3 Rxg2 39.bxa5 Kc7 40.a6 Kb6 41.Re8  1-0

[Event "Zonal 3.4 Men"]
[Site "Tashkent UZB"]
[Date "2011.06.10"]
[Round "3.9"]
[White "Aripov,I"]
[Black "Faizulaev,A"]
[Result "1-0"]
[WhiteElo "2104"]
[BlackElo "2341"]

1.e4 c5 2.Nf3 d6 3.d4 cxd4 4.Nxd4 Nf6 5.Nc3 Nc6 6.Bg5 e6 7.Qd2 a6 8.O-O-O h6
9.Nxc6 bxc6 10.Bf4 d5 11.Be2 Bb4 12.Qe3 Qa5 13.Be5 Be7 14.h4 Kf8 15.Qg3 Rh7
16.Bd6 Qd8 17.Bxe7+ Qxe7 18.e5 Nd7 19.f4 Rb8 20.a3 h5 21.Qd3 Rh6 22.g4 hxg4
23.Bxg4 Nb6 24.Be2 Nc4 25.Na4 Qa7 26.h5 a5 27.Rhg1 Ne3 28.Rde1 Nf5 29.Bg4 Ba6
30.Qc3 Qd4 31.Qxc6 Qxf4+ 32.Kb1 Bb5 33.Qc7 Bxa4 34.Qxb8+ Be8 35.Bxf5 Qxf5
36.Qd6+ Kg8 37.Qe7 Ba4 38.Rxg7+ Kxg7 39.Rg1+ Kh7 40.Qf8 Qxc2+ 41.Ka1 Qd1+
42.Rxd1 Bxd1 43.Qxf7+ Kh8 44.Qf8+ Kh7 45.Qe7+ Kg8 46.Qd8+ Kg7 47.Qc7+ Kg8
48.Qc1  1-0

[Event "28th BSG Pinkstertoernooi"]
[Site "Bussum NED"]
[Date "2011.06.11"]
[Round "2"]
[White "Losekoot,P"]
[Black "Ootes,Le"]
[Result "0-1"]
[WhiteElo "2072"]
[BlackElo "2194"]

1.e4 c5 2.Nf3 d6 3.d4 cxd4 4.Nxd4 Nf6 5.Nc3 Nc6 6.Bg5 e6 7.Qd2 a6 8.O-O-O Bd7
9.f3 h6 10.Be3 b5 11.g4 Qc7 12.Bd3 Ne5 13.Kb1 b4 14.Nce2 Nc4 15.Bxc4 Qxc4
16.h4 h5 17.g5 Ng8 18.f4 Ne7 19.Ng3 a5 20.Rhe1 Nc6 21.Bf2 Nxd4 22.Bxd4 a4
23.f5 b3 24.cxb3 axb3 25.a3 e5 26.Bc3 Be7 27.f6 gxf6 28.gxf6 Bxf6 29.Qxd6 Qe6
30.Nf5 Qxd6 31.Nxd6+ Ke7 32.Bb4 Rhg8 33.Nxf7+ Kxf7 34.Rxd7+ Ke6 35.Rd6+ Kf7
36.Rf1 Rg6 37.Rd3 Rg4 38.Rxb3 Rxe4 39.Bd2 Ra6 40.Bg5 Kg6 41.Bxf6 Rxf6 42.Rg3+ Rg4
43.Rxf6+ Kxf6 44.Rh3 Kf5 45.b4 e4 46.b5 Kf4 47.b6 e3 48.a4 e2 49.Rh1 Ke3
50.Kc2 Rxa4 51.Rb1 Rc4+ 52.Kb3 Rc8 53.b7 Rb8 54.Kc4 Kd2 55.Kc5 e1=Q 56.Rxe1 Kxe1
57.Kc6 Kf2 58.Kc7 Rf8 59.b8=Q Rxb8 60.Kxb8 Kg3  0-1

[Event "28th BSG Pinkstertoernooi"]
[Site "Bussum NED"]
[Date "2011.06.12"]
[Round "5.1"]
[White "Nijboer,F"]
[Black "Brandenburg,D"]
[Result "1/2-1/2"]
[WhiteElo "2538"]
[BlackElo "2535"]

1.e4 c5 2.Nf3 d6 3.d4 cxd4 4.Nxd4 Nf6 5.Nc3 Nc6 6.Bg5 e6 7.Qd2 a6 8.O-O-O Bd7
9.f3 Be7 10.Kb1 b5 11.Nxc6 Bxc6 12.h4 Rc8 13.Bd3  1/2-1/2